00964nam a2200265Ia 450000100060000000300090000600800410001504000130005604000130006904100130008210000210009510000280011624500850014424500840022925000110031326000110032426000140033526000490034930000410039850001490043965000310058865000310061970000200065070000280067035686IT-RoPAU130308s9999 xx 000 0 und d aIT-RoPAU cIT-RoPAU aITALIANO aTurroni Giuseppe gCodice Aut. SPICS: 294 aSegno come matrice (Il)-Il fenomeno come variabilità€ analitica-Franco Grignani bSegno Come matrice (Il)-Il fenomeno Come Variabilita' Analitica-Franco Grignani a1a ed. aMILANO bEditphoto c1978 [1° Ed.:1978 - Ed.Ling.Originale:1978] a"24 p. (prefazione: no ; testo: 24)" aFotografie di Franco Grignani presentazione del fotografo e della Sua fotografia da parte di Giuseppe Turroni sogno del Labirinto flusso Obliquo aAUTORI/OPERE DI FOTOGRAFIA eCodice materia Spics: 6757 aGrignani Franco gCodice Aut. SPICS: 5805